|
|
|
|
| LEADER |
01249nam a2200217Ia 4500 |
| 001 |
TDMU_7468 |
| 008 |
210410s9999 xx 000 0 und d |
| 082 |
|
|
|a 335.54
|
| 090 |
|
|
|b PH112
|
| 100 |
|
|
|a PhaÌ£m, ĐiÌ€nh NghiêÌ£p
|
| 245 |
|
0 |
|a LiÌ luâÌ£n vaÌ€ phương phaÌp công taÌc ĐôÌ£i thiêÌu niên tiêÌ€n phong HôÌ€ ChiÌ Minh
|
| 245 |
|
0 |
|b GiaÌo triÌ€nh đaÌ€o taÌ£o giaÌo viên Trung hoÌ£c cơ sở hêÌ£ Cao đẳng Sư phaÌ£m
|
| 245 |
|
0 |
|c PhaÌ£m ĐiÌ€nh NghiêÌ£p (chủ biên), Vũ HưÌu IÌch, Ngô Quang QuêÌ, TrâÌ€n QuôÌc ThaÌ€nh, TrâÌ€n Như Tỉnh
|
| 260 |
|
|
|a H.
|
| 260 |
|
|
|b GiaÌo duÌ£c
|
| 260 |
|
|
|c 1998
|
| 300 |
|
|
|a 284tr.
|
| 650 |
|
|
|a ĐôÌ£i ThiêÌu niên tiêÌ€n phong HôÌ€ ChiÌ Minh; ĐôÌ£i ThiêÌu niên tiêÌ€n phong HôÌ€ ChiÌ Minh; LiÌ luâÌ£n; Phương phaÌp; Công taÌc ĐôÌ£i
|
| 700 |
|
|
|a Vũ,HưÌu IÌch
|
| 856 |
|
|
|u http://lrc.tdmu.edu.vn/opac/search/detail.asp?aID=2&ID=7468
|
| 980 |
|
|
|a Trung tâm Học liệu Trường Đại học Thủ Dầu Một
|